Entre la bruma de la memoria. Trauma, sujeto y narración /

Guardado en:
Bibliografiske detaljer
Hovedforfatter: Makowski, Sara
Format: Texto
Fag:
Tags: Tilføj Tag
Ingen Tags, Vær først til at tagge denne postø!

MARC

LEADER 00000 a a2200000 04500
001 12398
003
040
100 |a Makowski, Sara  
245 |a Entre la bruma de la memoria. Trauma, sujeto y narración /  |c Sara Makowski 
650 |a HISTORIA SOCIAL  
650 |a GENOCIDIO  
773 |g volumen 10, número 21; páginas 143-156  
999 |c 19892  |d 19892